000 00454nam a2200181Ia 4500
005 20250326130419.0
008 250326s9999 xx 000 0 und d
037 _aTextbook
040 _aFMSL
_beng
_cFMSL
041 _aeng
_2eng
084 _qFMSL
100 _aIreson W G
_9630504
245 0 _aReliablity handbook
_cIreson W G
260 _aNew Delhi
_bNew Delhi, Lalwani
_c1966
300 _a58p
942 _cTB
999 _c1282387
_d1282387